LEADER 01587nam a2200325 u 4500 001 000000012619 003 CaOOAMICUS 005 20070226105546.0 008 940517c1992 it u000 u ita u 020 $a88-425-1283-4 035 $a10304335 040 $aPUL$bita 041 1 $aita$hrus 100 1 $aBerdâev, Nikolaj Aleksandrovi?,$d1872-1948.$0(OLS)http://pul/name/5671 240 10$aRusskaâ Ideâ. Osnovnye problemy russkoj mysli XIX veka i na&BRcala XX veka.$lItaliano.$0(OLS)http://pul/title/18253 245 12$aL'idea russa :$bi problemi fondamentali del pensiero russo (XIX e inizio XX secolo) /$cNikolaj Berdjaev ; a cura di Cinzia De Lotto ; introduzione di Giuseppe Riconda. 260 $aMilano :$bMursia,$cc1992. 300 $a315 p. ;$c23 cm 490 1 $aBiblioteca di filosofia. Testi ;$v17 504 $aBibliografia: p. 313-315. 650 4$aFilosofia russa$ySec. XIX-XX.$0(OLS)http://pul/subject/9376 700 1 $aRiconda, Giuseppe.$0(OLS)http://pul/name/11993 700 1 $aDe Lotto, Cinzia.$0(OLS)http://pul/name/11992 830 0$aBiblioteca di filosofia (Mursia).$pTesti ;$v17.$0(OLS)http://pul/title/18255 850 $aPUL 852 $aPUL$W1$xSL Filosofia 3$y81$m197 BERNI 2$j17825$nBK-PRI$qDDC 21$B17825$CPULBib$Z2$F17825 $H97775 $82 941 1 $a9 996 $6020$a88-425-1283-4$9(OLS)http://pul/number/16133 996 $6245$aL'idea russa :$bi problemi fondamentali del pensiero russo (XIX e inizio XX secolo)$9(OLS)http://pul/title/18254 996 $6260$aMilano :$bMursia$9(OLS)http://pul/publisher/52430 LEADER 01221nam a2200289 u 4500 001 000000031121 003 CaOOAMICUS 005 20150706182336.0 008 970929s1982 it a u000 u ita u 035 $a10770803 040 $aPUL(R)$bita 245 03$aIl cosmo nella Bibbia /$cStudio biblico teologico Aquilano ; a cura di Giuseppe De Gennaro ... [et al.]. 260 $aNapoli :$bDehoniane,$cc1982. 300 $a718 p., [1] p. di tav.$bill.$c22 cm 500 $aSeguono Appendici. 500 $aComprende indici. 700 1 $aDe Gennaro, Giuseppe,$cS.I.,$d1932-$0(OLS)http://pul/name/5834 710 2 $aStudio Biblico Teologico Aquilano.$0(OLS)http://pul/name/2159 850 $aPUL 852 $aPUL$W1$xSL Religione 1$y3$m1 I 25$j42992$nBK-PRI$b $qStampati$B42992$CPULBib$Z2$F42992 $H $81 852 $aPUL$W1$xDP1 Fondo S. Lanza$y121$m3 F 66$j166961$qFondi$B167550$CPULBib$Z2$F167550 $HLAN1723 $82 941 1 $a8 941 1 $a1 961 $aINV: 49964 961 $aNota ms. di possesso: Sergio Lanza 996 $6245$aIl cosmo nella Bibbia$9(OLS)http://pul/title/42766 996 $6260$aNapoli :$bDehoniane$9(OLS)http://pul/publisher/51874 LEADER 01625nam a2200349 u 4500 001 000000042272 003 CaOOAMICUS 005 20070226114316.0 008 990224s1982 it u000 u ita u 035 $a10815307 040 $aPUL(R)$bita 041 1 $aita$hpol 100 1 $aKo?akowski, Leszek,$d1927-2009.$0(OLS)http://pul/name/15441 240 10$aKlicz Niebieski.$lItaliano.$0(OLS)http://pul/title/57023 245 13$aLa chiave del cielo :$bracconti edificanti tratti dalla sacra Scrittura a nostro insegnamento e avvertimento e Conversazioni con il diavolo ( /$cLeszek Ko&/lakowski ; editoriale di Italo Mancini. 246 33$aConversazioni con il diavolo 260 $aBrescia :$bQueriniana,$c1982. 300 $a228 p. ;$c20 cm 490 1 $aGiornale di teologia ;$v139 504 $aBibliografia a piè pagina. 650 4$aFede.$0(OLS)http://pul/subject/668 650 4$aMarxismo e Cattolicesimo.$0(OLS)http://pul/subject/5613 700 1 $aMancini, Italo,$d1925-1993.$0(OLS)http://pul/name/5319 830 0$aGiornale di teologia ;$v139.$0(OLS)http://pul/title/9027 850 $aPUL 852 $aPUL$W1$xSL Religione 3$y85$m200 GDT 1.139$j57170$nBK-PRI$qDDC 21$B57170$CPULBib$Z2$F57170 $82 941 1 $a9 961 $aINV: 50353 983 0$aGdT. 996 $6245$aLa chiave del cielo :$bracconti edificanti tratti dalla sacra Scrittura a nostro insegnamento e avvertimento e Conversazioni con il diavolo ($9(OLS)http://pul/title/57024 996 $6246$aConversazioni con il diavolo$9(OLS)http://pul/title/57025 996 $6260$aBrescia :$bQueriniana$9(OLS)http://pul/publisher/47906